[Event "Open"]
[Site "Cappelle la Grande"]
[Date "1999.02.15"]
[Round "3"]
[White "Brunelliere, Pierre"]
[Black "Grabarczyk, Miroslaw"]
[Result "0-1"]
[WhiteElo "2238"]
[BlackElo "2462"]
[PlyCount "50"]
[EventDate "1999.02.??"]

1. e4 e5 2. Nf3 Nc6 3. Bb5 Nf6 4. O-O Nxe4 5. d4 Be7 6. Nxe5 O-O 7. Re1 Nxe5 8.
Rxe4 Ng6 9. d5 d6 10. Nc3 a6 11. Bd3 Bf6 12. Qh5 c5 13. dxc6 bxc6 14. Bd2 d5
15. Re2 Rb8 16. Na4 Qd6 17. c3 c5 18. b3 Bd7 19. Nb2 c4 20. Bc2 Qa3 21. Rb1
Qxa2 22. b4 a5 23. Qxd5 axb4 24. cxb4 Ba4 25. Qa5 Ra8 0-1

[Event "Open"]
[Site "Cappelle la Grande"]
[Date "1999.02.15"]
[Round "3"]
[White "Collas, Didier"]
[Black "Georgiev, Vladimir"]
[Result "0-1"]
[WhiteElo "2330"]
[BlackElo "2508"]
[PlyCount "70"]
[EventDate "1999.02.??"]

1. e4 c5 2. Nf3 Nc6 3. d4 cxd4 4. Nxd4 Nf6 5. Nc3 d6 6. Be2 g6 7. Nb3 Bg7 8.
O-O O-O 9. Re1 a6 10. a4 Be6 11. Bf1 Bxb3 12. cxb3 Nd7 13. Bg5 Nc5 14. Bc4 Re8
15. Re2 Rc8 16. Rc1 Ne5 17. Nd5 h6 18. Bh4 g5 19. Bg3 e6 20. Nc3 Qb6 21. Rd2
Nxc4 22. bxc4 Bxc3 23. Rxc3 Nxe4 24. Rb3 Qc6 25. Rd4 e5 26. Rd5 Qxc4 27. h4
Qxa4 28. Rxb7 Qxd1+ 29. Rxd1 Rb8 30. Ra7 Rb6 31. Rc1 Nc5 32. hxg5 hxg5 33. Rd1
Ne4 34. Rc1 Rxb2 35. Rcc7 Re6 0-1

[Event "Open"]
[Site "Cappelle la Grande"]
[Date "1999.02.15"]
[Round "3"]
[White "Fontaine, Robert"]
[Black "Savchenko, Stanislav"]
[Result "0-1"]
[WhiteElo "2369"]
[BlackElo "2539"]
[PlyCount "70"]
[EventDate "1999.02.??"]

1. e4 c5 2. Nf3 d6 3. d4 cxd4 4. Nxd4 Nf6 5. Nc3 a6 6. Be3 e6 7. g4 h6 8. h3 b5
9. Bg2 Bb7 10. a3 Nbd7 11. Nde2 g5 12. O-O Ne5 13. b3 Qc7 14. Qd2 Be7 15. f4
gxf4 16. Rxf4 h5 17. g5 Nfd7 18. Rf2 Ng6 19. Raf1 Nde5 20. Nd4 Nh4 21. Bh1 Rg8
22. Nce2 O-O-O 23. Rxf7 Nxf7 24. Rxf7 Kb8 25. Nxe6 Bxg5 26. Nxg5 Qxf7 27. Nd4
Qf6 28. Kh2 Rdf8 29. Nf5 Nxf5 30. exf5 Bxh1 31. Kxh1 Qe7 32. Bf4 Qb7+ 33. Kh2
Rxf5 34. Qxd6+ Ka8 35. h4 Rc8 0-1

[Event "Open"]
[Site "Cappelle la Grande"]
[Date "1999.02.15"]
[Round "3"]
[White "Franzen, Josef"]
[Black "Kogan, Artur"]
[Result "0-1"]
[WhiteElo "2320"]
[BlackElo "2507"]
[PlyCount "90"]
[EventDate "1999.02.??"]

1. e4 c5 2. Nf3 Nc6 3. Bb5 e6 4. O-O Nge7 5. Re1 Qb6 6. Na3 Ng6 7. c3 Be7 8.
Bf1 d5 9. e5 f6 10. d4 fxe5 11. dxe5 O-O 12. Bd3 Nf4 13. Bxf4 Rxf4 14. Qc2 h6
15. Nb1 Bd7 16. Nbd2 c4 17. Bh7+ Kh8 18. Nf1 Bc5 19. Bg6 Ne7 20. Re2 Raf8 21.
Ng3 Nxg6 22. Qxg6 Be8 23. Qc2 g5 24. h3 g4 25. hxg4 Rxg4 26. Kh2 Rfg8 27. Qd2
Kh7 28. Rh1 h5 29. Nd4 Bxd4 30. cxd4 Rxd4 31. Qc3 Rd3 32. Qc1 Qd4 33. Nf1 Rd1
34. Qe3 Qh4+ 35. Qh3 Qxh3+ 36. Kxh3 Bg6 37. Ng3 Rxh1+ 38. Nxh1 d4 39. Ng3 d3
40. Rd2 b5 41. a3 a5 42. Nf1 b4 43. axb4 axb4 44. Ne3 c3 45. bxc3 bxc3 0-1

[Event "Open"]
[Site "Cappelle la Grande"]
[Date "1999.02.15"]
[Round "3"]
[White "Gdanski, Jacek"]
[Black "Assmann, Thomas"]
[Result "1/2-1/2"]
[WhiteElo "2530"]
[BlackElo "2346"]
[PlyCount "39"]
[EventDate "1999.02.??"]

1. e4 c6 2. d4 d5 3. f3 e6 4. Be3 dxe4 5. Nd2 exf3 6. Ngxf3 Nf6 7. Nc4 Be7 8.
Bd3 Nbd7 9. Nce5 c5 10. Qe2 Nd5 11. O-O O-O 12. Bxh7+ Kxh7 13. Ng5+ Bxg5 14.
Qh5+ Bh6 15. Rxf7 Nxe3 16. Rxg7+ Kxg7 17. Qg6+ Kh8 18. Qxh6+ Kg8 19. Qg6+ Kh8
20. Qh6+ 1/2-1/2

[Event "Open"]
[Site "Cappelle la Grande"]
[Date "1999.02.15"]
[Round "3"]
[White "Gretarsson, Helgi Ass"]
[Black "Sheldon, Ruth"]
[Result "1-0"]
[WhiteElo "2459"]
[BlackElo "2265"]
[PlyCount "67"]
[EventDate "1999.02.??"]

1. d4 Nf6 2. c4 g6 3. Nc3 Bg7 4. e4 d6 5. f4 c5 6. dxc5 Qa5 7. Bd3 Qxc5 8. Nf3
Bg4 9. h3 Qh5 10. O-O Bxf3 11. Rxf3 Nc6 12. Be3 O-O 13. Rc1 Rac8 14. Bb1 Nd7
15. e5 Ndxe5 16. fxe5 Nxe5 17. Rf2 Qxd1+ 18. Nxd1 Nxc4 19. Rfc2 d5 20. b3 Nd6
21. Bxa7 Ra8 22. Bc5 Ne4 23. Nf2 Ng3 24. Rd1 Rfd8 25. Rd3 Be5 26. Ng4 Bf4 27.
Bxe7 Re8 28. Nf6+ Kg7 29. Nxe8+ Rxe8 30. Bb4 d4 31. Rf3 Be3+ 32. Kh2 Nf5 33.
Rc7 Nh4 34. Rfxf7+ 1-0

[Event "Open"]
[Site "Cappelle la Grande"]
[Date "1999.02.15"]
[Round "3"]
[White "Landa, Konstantin"]
[Black "Kaminski, Marcin"]
[Result "1-0"]
[WhiteElo "2542"]
[BlackElo "2516"]
[PlyCount "67"]
[EventDate "1999.02.??"]

1. e4 e6 2. d4 d5 3. Nc3 Bb4 4. e5 c5 5. a3 Bxc3+ 6. bxc3 Ne7 7. Qg4 Qc7 8.
Qxg7 Rg8 9. Qxh7 cxd4 10. Ne2 Nbc6 11. f4 Bd7 12. Qd3 dxc3 13. Nxc3 a6 14. Rb1
Nf5 15. g4 Nfd4 16. h3 Rc8 17. Bd2 b5 18. Kd1 Qb6 19. Be3 Qc5 20. Ne2 Qxc2+ 21.
Qxc2 Nxc2 22. Kxc2 d4 23. Bf2 Nxe5+ 24. Kd1 Bc6 25. Rg1 Be4 26. Rc1 Rxc1+ 27.
Nxc1 Ng6 28. Ne2 d3 29. Nc3 Bf3+ 30. Kd2 Nxf4 31. Ke3 Ne2 32. Bxe2 Bxe2 33.
Nxe2 dxe2 34. Kxe2 1-0

[Event "Open"]
[Site "Cappelle la Grande"]
[Date "1999.02.15"]
[Round "3"]
[White "Mannion, Dtephen R"]
[Black "Gurevich, Vladimir"]
[Result "1/2-1/2"]
[WhiteElo "2343"]
[BlackElo "2513"]
[PlyCount "53"]
[EventDate "1999.02.??"]

1. e4 c5 2. Nf3 d6 3. d4 cxd4 4. Nxd4 Nf6 5. Nc3 a6 6. f4 e5 7. Nf3 Nbd7 8. a4
Be7 9. Bd3 O-O 10. O-O exf4 11. Kh1 Nh5 12. Ne1 Ne5 13. Be2 Nf6 14. Bxf4 Be6
15. Nd3 Ng6 16. Bg3 d5 17. exd5 Nxd5 18. Nxd5 Bxd5 19. Bf3 Bf6 20. Bxd5 Qxd5
21. Qf3 Qxf3 22. Rxf3 Rac8 23. c3 Rfd8 24. Re1 Nh4 25. Bxh4 Bxh4 26. Re4 Bf6
27. Kg1 1/2-1/2

[Event "Open"]
[Site "Cappelle la Grande"]
[Date "1999.02.15"]
[Round "3"]
[White "Minasian, Artashes"]
[Black "Bobras, Piotr"]
[Result "0-1"]
[WhiteElo "2594"]
[BlackElo "2371"]
[PlyCount "68"]
[EventDate "1999.02.??"]

1. e4 c5 2. Nc3 d6 3. g3 g6 4. Bg2 Bg7 5. d3 Nc6 6. Nge2 e5 7. Nd5 Nge7 8. c3
Nxd5 9. exd5 Ne7 10. O-O O-O 11. a4 Bd7 12. f4 Qc8 13. fxe5 dxe5 14. Bg5 f6 15.
Be3 Nf5 16. Bd2 Nd6 17. d4 c4 18. a5 Bh3 19. Bxh3 Qxh3 20. a6 b6 21. Qa4 Bh6
22. Qc6 Ne4 23. Bxh6 Qxh6 24. Rae1 Nd2 25. Rxf6 Qe3+ 26. Kg2 Qe4+ 27. Kh3 Nf3
28. Qe6+ Kh8 29. Rxf3 Rxf3 30. d6 Rf5 31. Nf4 Qxe1 32. d7 Qf1+ 33. Kh4 Rxf4+
34. g4 Rff8 0-1

[Event "Open"]
[Site "Cappelle la Grande"]
[Date "1999.02.15"]
[Round "3"]
[White "Miton, Kamil"]
[Black "Atalik, Suat"]
[Result "1/2-1/2"]
[WhiteElo "2383"]
[BlackElo "2593"]
[PlyCount "77"]
[EventDate "1999.02.??"]

1. d4 Nf6 2. c4 g6 3. Nc3 d5 4. Nf3 Bg7 5. Qb3 dxc4 6. Qxc4 O-O 7. e4 a6 8. e5
Nfd7 9. Be3 b5 10. Qb3 c5 11. e6 cxd4 12. Bxd4 Bxd4 13. Nxd4 Nc5 14. exf7+ Rxf7
15. Qd5 Qxd5 16. Nxd5 Nbd7 17. Be2 Bb7 18. Ne3 e5 19. Nb3 Nxb3 20. axb3 Nc5 21.
b4 Nb3 22. Ra3 Nd4 23. Bd1 Rf4 24. O-O Nf5 25. Bb3+ Kh8 26. Bd5 Bxd5 27. Nxd5
Rd4 28. Nc7 Rc8 29. Nxa6 Rd2 30. Rc3 Rf8 31. Rf3 Ra8 32. Nc5 Rc8 33. Na6 Ra8
34. Nc5 Rxb2 35. Rc3 Rb8 36. Na6 Ra8 37. Nc5 Rc8 38. Rb3 Rxb3 39. Nxb3 1/2-1/2

[Event "Open"]
[Site "Cappelle la Grande"]
[Date "1999.02.15"]
[Round "3"]
[White "Roeder, Mathias"]
[Black "Guidarelli, Laurent"]
[Result "1-0"]
[WhiteElo "2448"]
[BlackElo "2272"]
[PlyCount "73"]
[EventDate "1999.02.??"]

1. Nf3 Nf6 2. c4 g6 3. g3 Bg7 4. Bg2 O-O 5. O-O c5 6. d4 cxd4 7. Nxd4 Nc6 8.
Nc3 Nxd4 9. Qxd4 d6 10. Qd3 Nd7 11. b3 Nc5 12. Qd2 Rb8 13. Bb2 a6 14. Rfd1 b5
15. b4 Ne6 16. cxb5 axb5 17. Nd5 Bxb2 18. Qxb2 Nc7 19. Nxc7 Qxc7 20. Rac1 Qa7
21. Rd3 Bd7 22. Re3 e6 23. Rd3 d5 24. e4 dxe4 25. Bxe4 Rbc8 26. Rc5 Rxc5 27.
bxc5 Rc8 28. c6 Be8 29. Qxb5 Qxa2 30. Qb7 Qe2 31. Re3 Qd1+ 32. Kg2 Qd8 33. Ra3
Qc7 34. Ra8 Qe5 35. Bf3 Rxa8 36. Qxa8 Kf8 37. Qd8 1-0

[Event "Open"]
[Site "Cappelle la Grande"]
[Date "1999.02.15"]
[Round "3"]
[White "Sergeev, Vladimir"]
[Black "Bartel, Mateusz"]
[Result "1-0"]
[WhiteElo "2452"]
[BlackElo "2260"]
[PlyCount "73"]
[EventDate "1999.02.??"]

1. d4 Nf6 2. Nf3 e6 3. Bg5 c5 4. e3 Be7 5. Bd3 O-O 6. O-O b6 7. Nbd2 Ba6 8.
Bxa6 Nxa6 9. c3 d5 10. Qa4 Nb8 11. b4 cxb4 12. cxb4 Qd7 13. b5 a6 14. Rfb1 Qb7
15. Ne5 h6 16. Bh4 Rc8 17. h3 Nbd7 18. bxa6 Rxa6 19. Qb5 Bd6 20. Bg3 Bxe5 21.
dxe5 Ne4 22. Nxe4 dxe4 23. Rd1 Nc5 24. Rd6 Qa7 25. Rad1 Rxa2 26. Rd8+ Rxd8 27.
Rxd8+ Kh7 28. Qe8 Kg6 29. Qh8 Qe7 30. Re8 Qd7 31. Rg8 f5 32. exf6 Kxf6 33. Qh7
Ra7 34. Rf8+ Kg5 35. Bf4+ Kh5 36. g4+ Kh4 37. Qg6 1-0

[Event "Open"]
[Site "Cappelle la Grande"]
[Date "1999.02.15"]
[Round "3"]
[White "Skembris, Spiridon"]
[Black "Willemze, Jeroen"]
[Result "1-0"]
[WhiteElo "2445"]
[BlackElo "2269"]
[PlyCount "59"]
[EventDate "1999.02.??"]

1. d4 d5 2. c4 c6 3. Nf3 Nf6 4. Qc2 g6 5. Bf4 Qa5+ 6. Nbd2 Bg7 7. e3 O-O 8. Bd3
dxc4 9. Bxc4 Bf5 10. Qc1 Nbd7 11. O-O Ne4 12. Nb3 Qd8 13. h3 Nb6 14. Be2 Nd5
15. Bh2 h5 16. Ne5 f6 17. Nd3 Bh6 18. Nbc5 Qc8 19. Nxe4 Bxe4 20. Nc5 Bf5 21.
Qc4 Kh7 22. e4 Nb6 23. Qb3 Bd7 24. a4 Be8 25. Ne6 Rg8 26. Nc7 Rb8 27. a5 Nd7
28. Bc4 Rg7 29. Be6 b5 30. Nxe8 1-0

[Event "Open"]
[Site "Cappelle la Grande"]
[Date "1999.02.15"]
[Round "3"]
[White "Sziebert, Adam"]
[Black "Foisor, Ovidiu"]
[Result "0-1"]
[WhiteElo "2302"]
[BlackElo "2491"]
[PlyCount "52"]
[EventDate "1999.02.??"]

1. e4 d6 2. d4 Nf6 3. Nc3 g6 4. Be3 c6 5. f3 b5 6. Qd2 Nbd7 7. g4 Nb6 8. h4 Qc7
9. h5 Rg8 10. Nh3 Bb7 11. hxg6 hxg6 12. Ng5 Bg7 13. O-O-O Nfd7 14. f4 b4 15.
Nb1 c5 16. Rh2 Bf6 17. e5 cxd4 18. Bxd4 dxe5 19. fxe5 Nxe5 20. Bb5+ Bc6 21.
Bxe5 Bxe5 22. Bxc6+ Qxc6 23. Qf2 f6 24. Rh7 Qc4 25. Rd3 Bxb2+ 26. Kd1 Be5 0-1

[Event "Open"]
[Site "Cappelle la Grande"]
[Date "1999.02.15"]
[Round "3"]
[White "Watanabe, Akira"]
[Black "Lanka, Zigurds"]
[Result "0-1"]
[WhiteElo "2364"]
[BlackElo "2521"]
[PlyCount "60"]
[EventDate "1999.02.??"]

1. d4 Nf6 2. c4 g6 3. Nc3 Bg7 4. e4 d6 5. Nf3 O-O 6. Be2 e5 7. Be3 Ng4 8. Bg5
f6 9. Bh4 Nc6 10. d5 Ne7 11. Nd2 Nh6 12. f3 g5 13. Bf2 f5 14. c5 Ng6 15. O-O
Nf4 16. cxd6 cxd6 17. Nc4 b6 18. a4 Ba6 19. Nb5 Rf6 20. Ra3 Qd7 21. Ne3 Raf8
22. Bc4 fxe4 23. fxe4 Bc8 24. Nc3 Qf7 25. Bg3 a6 26. Ra1 Qc7 27. Kh1 Ng4 28.
Nxg4 Bxg4 29. Qxg4 Qxc4 30. Rfd1 Nxd5 0-1

[Event "Open"]
[Site "Cappelle la Grande"]
[Date "1999.02.15"]
[Round "3"]
[White "Welling, Gerard"]
[Black "Nikolaidis, Ioannis"]
[Result "1/2-1/2"]
[WhiteElo "2334"]
[BlackElo "2510"]
[PlyCount "67"]
[EventDate "1999.02.??"]

1. e4 c6 2. d4 d5 3. e5 Bf5 4. c3 e6 5. Qb3 Qb6 6. Be3 Ne7 7. Nd2 Bg6 8. f4 Nd7
9. Ngf3 a5 10. a4 Qxb3 11. Nxb3 Bc2 12. Nbd2 f6 13. Be2 h5 14. O-O Ng6 15. Rfc1
Bf5 16. Nf1 h4 17. N3d2 Be7 18. g4 hxg3 19. hxg3 fxe5 20. fxe5 Ngf8 21. Nf3 Nh7
22. N1h2 O-O 23. Rf1 Rf7 24. Nh4 Bxh4 25. gxh4 Raf8 26. Bh5 g6 27. Be2 Be4 28.
Rxf7 Rxf7 29. Ng4 Kg7 30. Nh6 Rf8 31. Bg4 Bf5 32. Be2 Be4 33. Bg4 Bf5 34. Be2
1/2-1/2

[Event "Open"]
[Site "Cappelle la Grande"]
[Date "1999.02.16"]
[Round "4"]
[White "Akopian, Vladimir"]
[Black "Kreiman, Boris"]
[Result "1-0"]
[WhiteElo "2640"]
[BlackElo "2474"]
[PlyCount "91"]
[EventDate "1999.02.??"]

1. d4 Nf6 2. c4 g6 3. Nc3 d5 4. Nf3 Bg7 5. Qb3 dxc4 6. Qxc4 O-O 7. e4 Nc6 8.
Be2 Bg4 9. d5 Na5 10. Qa4 Bxf3 11. Bxf3 c6 12. O-O cxd5 13. Rd1 Nc6 14. exd5
Ne5 15. Be2 Qb6 16. Rb1 a6 17. Be3 Qd6 18. Bf4 b5 19. Qd4 Nfd7 20. Qd2 Qb4 21.
a3 Qa5 22. d6 e6 23. Nd5 Qxd2 24. Ne7+ Kh8 25. Bxd2 Nc4 26. Bxc4 bxc4 27. Rdc1
Be5 28. Bc3 f6 29. Nc6 Bf4 30. Re1 e5 31. g3 Bh6 32. Re4 Rfc8 33. Ne7 Rc5 34.
Bb4 f5 35. Rh4 Bg5 36. Rh3 Bxe7 37. Bxc5 Nxc5 38. dxe7 Nd3 39. g4 Re8 40. gxf5
gxf5 41. b3 Nf4 42. Re3 c3 43. Rxe5 c2 44. Ra1 Kg7 45. Re3 Kf6 46. Rc1 1-0

[Event "Open"]
[Site "Cappelle la Grande"]
[Date "1999.02.16"]
[Round "4"]
[White "Almasi, Istvan"]
[Black "Montheard, Xavier"]
[Result "1-0"]
[WhiteElo "2451"]
[BlackElo "2255"]
[PlyCount "29"]
[EventDate "1999.02.??"]

1. c4 Nf6 2. Nf3 e6 3. g3 c5 4. Bg2 Be7 5. O-O O-O 6. b3 a6 7. Nc3 d6 8. e3 Nc6
9. Bb2 Ne5 10. Ne1 Rb8 11. d4 cxd4 12. exd4 Ned7 13. a4 Ne8 14. Nc2 Nc7 15. Qe2
1-0

[Event "Open"]
[Site "Cappelle la Grande"]
[Date "1999.02.16"]
[Round "4"]
[White "Ari, Zeki"]
[Black "Relange, Eloi"]
[Result "0-1"]
[WhiteElo "2271"]
[BlackElo "2478"]
[PlyCount "134"]
[EventDate "1999.02.??"]

1. e4 c5 2. Nf3 d6 3. d4 cxd4 4. Nxd4 Nf6 5. Nc3 a6 6. Bg5 e6 7. Qd2 h6 8. Bxf6
Qxf6 9. f4 g5 10. fxg5 hxg5 11. O-O-O Nd7 12. Kb1 Ne5 13. Be2 Bd7 14. Rhf1 Qh6
15. h3 g4 16. Qe1 gxh3 17. gxh3 Qxh3 18. Nf3 Qh5 19. Nxe5 Qxe5 20. Qf2 O-O-O
21. Qa7 Qc5 22. Qxc5+ dxc5 23. Rxf7 Bc6 24. a4 Rxd1+ 25. Bxd1 Bd6 26. Bg4 Rh6
27. Ka2 Kd8 28. Be2 Be5 29. Bd3 Ke8 30. Rf1 Bxc3 31. bxc3 Bxa4 32. Rg1 Rh5 33.
c4 Kf7 34. Rf1+ Ke7 35. Kb2 Kd6 36. Rf8 Bc6 37. Kc3 Rh4 38. Rd8+ Kc7 39. Rg8
Bxe4 40. Rg7+ Kc6 41. Rg8 Kd6 42. Rd8+ Ke7 43. Rc8 Bc6 44. Rg8 Rf4 45. Rg5 Kd6
46. Rh5 e5 47. Rh6+ Ke7 48. Rh7+ Ke6 49. Rh6+ Rf6 50. Rh4 Kd6 51. Rg4 Rf4 52.
Rg6+ Ke7 53. Rh6 e4 54. Be2 Rf6 55. Rh5 Kd6 56. Kd2 a5 57. Rh8 a4 58. Ke3 Rg6
59. Kf2 Ke5 60. c3 Rg5 61. Ra8 Kf4 62. Rf8+ Rf5 63. Ra8 e3+ 64. Ke1 Rf6 65. Rg8
Rh6 66. Rg4+ Kf5 67. Rg1 Rh1 0-1

[Event "Open"]
[Site "Cappelle la Grande"]
[Date "1999.02.16"]
[Round "4"]
[White "Bartel, Mateusz"]
[Black "Vul, Arkadi Eremeevich"]
[Result "1-0"]
[WhiteElo "2260"]
[BlackElo "2454"]
[PlyCount "117"]
[EventDate "1999.02.??"]

1. e4 e5 2. Nc3 Nf6 3. g3 d5 4. exd5 Nxd5 5. Bg2 Nxc3 6. bxc3 Nc6 7. Qe2 Bd6 8.
Nf3 O-O 9. O-O Re8 10. d3 Bg4 11. Qe4 Qd7 12. Rb1 Rab8 13. Ng5 Bf5 14. Qa4 b5
15. Qb3 Na5 16. Qb2 h6 17. Ne4 Nc6 18. Nxd6 Qxd6 19. Qa3 Qxa3 20. Bxa3 Bd7 21.
Bc5 a5 22. a3 Ne7 23. c4 Nc8 24. cxb5 Rxb5 25. Rxb5 Bxb5 26. Rb1 Ba4 27. Rb7
Bxc2 28. Bc6 Rd8 29. Rb8 Bxd3 30. Be7 Nxe7 31. Rxd8+ Kh7 32. Rxd3 Nxc6 33. Rc3
Nd4 34. Rc5 a4 35. Rc4 Kg6 36. Rxa4 Kf5 37. Rc4 c6 38. f4 f6 39. Kf2 Ke6 40.
Ke3 Kd5 41. Rc1 c5 42. a4 Nb3 43. Rd1+ Kc4 44. Rd7 Kb4 45. Rb7+ Kxa4 46. Kd3
Na5 47. Rb6 Nb3 48. fxe5 fxe5 49. Kc4 Nd2+ 50. Kxc5 e4 51. Kd4 e3 52. Kd3 Nf1
53. Rg6 Nxh2 54. Kxe3 Kb5 55. Rxg7 Kc6 56. Kf4 Kd6 57. g4 Ke6 58. Rg6+ Kf7 59.
Rd6 1-0

[Event "Open"]
[Site "Cappelle la Grande"]
[Date "1999.02.16"]
[Round "4"]
[White "Bergez, Luc"]
[Black "Renaudin, Mathieu"]
[Result "1-0"]
[WhiteElo "2378"]
[BlackElo "2139"]
[PlyCount "29"]
[EventDate "1999.02.??"]

1. e4 e6 2. d4 d5 3. exd5 exd5 4. Nf3 Bd6 5. c4 Qe7+ 6. Be2 Nf6 7. c5 Bxc5 8.
dxc5 Qxc5 9. O-O O-O 10. Qd4 Qxd4 11. Nxd4 a6 12. Nc3 Re8 13. Bf3 c5 14. Nb3 d4
15. Na4 1-0

[Event "Open"]
[Site "Cappelle la Grande"]
[Date "1999.02.16"]
[Round "4"]
[White "Berthelot, Yannick"]
[Black "Degraeve, Jean-Marc"]
[Result "1/2-1/2"]
[WhiteElo "2327"]
[BlackElo "2536"]
[PlyCount "84"]
[EventDate "1999.02.??"]

1. e4 g6 2. d4 Bg7 3. Nc3 c6 4. f4 d5 5. e5 Nh6 6. Nf3 f6 7. Be2 Bg4 8. Nh4
Bxe2 9. Nxe2 O-O 10. O-O fxe5 11. fxe5 Rxf1+ 12. Qxf1 e6 13. Qf2 Nd7 14. Qg3
Nf7 15. Be3 c5 16. c3 Rc8 17. Nf4 Nf8 18. Rf1 cxd4 19. cxd4 Qb6 20. Qf2 Rc7 21.
h3 Qa6 22. a3 Ng5 23. Nxd5 Nxh3+ 24. gxh3 exd5 25. Qf3 Rd7 26. Ng2 Ne6 27. Rc1
Rd8 28. Nf4 Nxf4 29. Bxf4 Qe6 30. Qg4 Qb6 31. Bg5 Rf8 32. Rf1 Rf5 33. Rxf5 gxf5
34. Qxf5 Qxd4+ 35. Kf1 Qxe5 36. Qc8+ Kf7 37. Qxb7+ Kg6 38. Bd2 Qf5+ 39. Ke2
Qh5+ 40. Ke1 Bf6 41. Qc6 Qe5+ 42. Kd1 Qxb2 1/2-1/2

[Event "Open"]
[Site "Cappelle la Grande"]
[Date "1999.02.16"]
[Round "4"]
[White "Beshukov, Sergei"]
[Black "Ibragimov, Ildar"]
[Result "1-0"]
[WhiteElo "2511"]
[BlackElo "2602"]
[PlyCount "82"]
[EventDate "1999.02.??"]

1. e4 d6 2. d4 g6 3. Nc3 c6 4. Nf3 Bg7 5. Be3 b5 6. Bd3 Nd7 7. Qd2 Nb6 8. O-O
Bg4 9. Ng5 h6 10. h3 Bd7 11. Nf3 Nf6 12. Rfe1 Qc7 13. Bf4 Nh5 14. Bh2 e5 15. g4
Nf4 16. Bxf4 exf4 17. Qxf4 g5 18. Qg3 O-O-O 19. a4 a6 20. axb5 axb5 21. d5 b4
22. dxc6 Bxc6 23. Nd5 Bxd5 24. exd5 Bxb2 25. Ra6 Rhe8 26. Bb5 Rxe1+ 27. Nxe1
Qc5 28. Bc6 Nxd5 29. Nd3 Qc4 30. Ra8+ Kc7 31. Bxd5 Qxd5 32. Rxd8 Kxd8 33. Nxb2
Qd2 34. Nd3 Kd7 35. Qf3 Qxc2 36. Qxf7+ Kd8 37. Qf8+ Kd7 38. Qf7+ Kd8 39. Qf6+
Kd7 40. Qf5+ Kd8 41. Qa5+ Ke7 1-0

[Event "Open"]
[Site "Cappelle la Grande"]
[Date "1999.02.16"]
[Round "4"]
[White "Bucher, Denis"]
[Black "Berelovich, Aleksandar"]
[Result "1/2-1/2"]
[WhiteElo "2276"]
[BlackElo "2484"]
[PlyCount "60"]
[EventDate "1999.02.??"]

1. e4 e6 2. d4 d5 3. Nc3 Bb4 4. e5 c5 5. a3 Bxc3+ 6. bxc3 Ne7 7. Qg4 O-O 8. Bd3
f5 9. exf6 Rxf6 10. Bg5 Rf7 11. Qh5 g6 12. Qd1 Nbc6 13. Nf3 Qf8 14. O-O c4 15.
Be2 h6 16. Bc1 Qg7 17. Qd2 Kh7 18. a4 Bd7 19. Ba3 g5 20. Bd6 Ng6 21. Rfb1 b6
22. Rf1 Rg8 23. g3 Be8 24. Kh1 Rd7 25. Ba3 Nge7 26. Ne1 Bg6 27. Ng2 Bf5 28. Ne3
Be4+ 29. f3 Bg6 30. Rae1 Nf5 1/2-1/2

[Event "Open"]
[Site "Cappelle la Grande"]
[Date "1999.02.16"]
[Round "4"]
[White "Dervishi, Erald"]
[Black "Agdestein, Simen"]
[Result "0-1"]
[WhiteElo "2484"]
[BlackElo "2550"]
[PlyCount "84"]
[EventDate "1999.02.??"]

1. e4 e6 2. d4 d5 3. Nd2 Nf6 4. e5 Nfd7 5. Bd3 c5 6. c3 Nc6 7. Ne2 a5 8. O-O
cxd4 9. cxd4 a4 10. Nf3 Be7 11. Nc3 Nb6 12. Bb5 Bd7 13. Be3 a3 14. b3 Nc8 15.
Rc1 Nb4 16. Be2 Na7 17. Ne1 O-O 18. Nd3 Rc8 19. f4 Nxd3 20. Bxd3 Qa5 21. Qe1 g6
22. Kh1 Bb4 23. Bd2 Bb5 24. Rf3 Bxd3 25. Rxd3 Nb5 26. g4 Nxc3 27. Bxc3 Qa6 28.
Rh3 Rxc3 29. Rhxc3 Bxc3 30. Rxc3 b5 31. b4 Rc8 32. Rc5 Rxc5 33. dxc5 Qc6 34.
Qd2 d4+ 35. Qg2 Qd7 36. c6 Qd8 37. Qc2 Qd5+ 38. Kg1 d3 39. c7 dxc2 40. c8=Q+
Kg7 41. Qxc2 Qd4+ 42. Kg2 Qxf4 0-1

[Event "Open"]
[Site "Cappelle la Grande"]
[Date "1999.02.16"]
[Round "4"]
[White "Doghri, Nabil"]
[Black "Minasian, Artashes"]
[Result "0-1"]
[WhiteElo "2337"]
[BlackElo "2594"]
[PlyCount "66"]
[EventDate "1999.02.??"]

1. e4 Nc6 2. Nf3 d6 3. d4 Nf6 4. Nc3 Bg4 5. d5 Nb8 6. Be2 c6 7. O-O g6 8. h3
Bxf3 9. Bxf3 Bg7 10. Bf4 cxd5 11. Nxd5 Nxd5 12. Qxd5 Nc6 13. Qb5 Qc7 14. c3 O-O
15. Rfe1 a6 16. Qd5 Rac8 17. Rad1 Ne5 18. Be2 b5 19. a4 bxa4 20. Bxa6 Rb8 21.
Bxe5 Bxe5 22. Bb5 e6 23. Qd3 Qa5 24. c4 Bxb2 25. Qb1 a3 26. Re3 d5 27. exd5
exd5 28. Qa2 d4 29. Rb3 Qc7 30. Rb4 Rfd8 31. Qb3 d3 32. Ra4 d2 33. Qe3 Rxb5 0-1

[Event "Open"]
[Site "Cappelle la Grande"]
[Date "1999.02.16"]
[Round "4"]
[White "Dvoirys, Semen I"]
[Black "Zilberman, Yaacov"]
[Result "1/2-1/2"]
[WhiteElo "2562"]
[BlackElo "2513"]
[PlyCount "79"]
[EventDate "1999.02.??"]

1. e4 Nf6 2. e5 Nd5 3. d4 d6 4. c4 Nb6 5. exd6 exd6 6. Nf3 Be7 7. Be2 O-O 8.
O-O Bf5 9. Nc3 Bf6 10. Be3 Re8 11. Rc1 h6 12. c5 dxc5 13. dxc5 N6d7 14. Qd5
Bxc3 15. Qxf5 Bf6 16. Bc4 Nf8 17. Rcd1 Qe7 18. Rfe1 Ne6 19. b4 a6 20. Ne5 Bxe5
21. Qxe5 Nc6 22. Qc3 Rad8 23. Rb1 Rd7 24. f4 Qd8 25. Bf1 Ne7 26. Qc1 Nd5 27. f5
Nf8 28. Bd4 Rxe1 29. Qxe1 Nh7 30. c6 bxc6 31. Bc5 Nhf6 32. Bxa6 Nf4 33. Qe5 Nd3
34. Bxd3 Rxd3 35. h3 Rd2 36. Be7 Qd3 37. Rb3 Qd5 38. Qxd5 Nxd5 39. Bc5 Rxa2 40.
Kh2 1/2-1/2

[Event "Open"]
[Site "Cappelle la Grande"]
[Date "1999.02.16"]
[Round "4"]
[White "Foisor, Ovidiu"]
[Black "Kruppa, Yuri"]
[Result "1/2-1/2"]
[WhiteElo "2491"]
[BlackElo "2561"]
[PlyCount "57"]
[EventDate "1999.02.??"]

1. c4 g6 2. g3 Bg7 3. Bg2 Nf6 4. Nf3 O-O 5. O-O c6 6. b3 d6 7. d4 Qa5 8. Qd2
Qc7 9. Bb2 Re8 10. Nc3 e5 11. e4 Bg4 12. d5 Na6 13. Ne1 cxd5 14. cxd5 Qd7 15.
Nd3 Bh3 16. Rac1 Bxg2 17. Kxg2 Ng4 18. Qe2 f5 19. f3 Nf6 20. Nd1 Bh6 21. Rc2
Rac8 22. Rxc8 Rxc8 23. N1f2 Qb5 24. Bc1 Bxc1 25. Rxc1 Rxc1 26. Nxc1 Qxe2 27.
Nxe2 Nb4 28. Nc3 a6 29. Kf1 1/2-1/2

[Event "Open"]
[Site "Cappelle la Grande"]
[Date "1999.02.16"]
[Round "4"]
[White "Georgiev, Vladimir"]
[Black "Sulskis, Sarunas"]
[Result "1-0"]
[WhiteElo "2508"]
[BlackElo "2568"]
[PlyCount "97"]
[EventDate "1999.02.??"]

1. d4 Nf6 2. c4 e6 3. Nc3 Bb4 4. e3 c5 5. Bd3 Nc6 6. Nge2 cxd4 7. exd4 d5 8.
cxd5 Nxd5 9. O-O O-O 10. Nxd5 exd5 11. Nf4 Be7 12. Be3 Bf6 13. Rc1 g6 14. Rc5
Nb4 15. Bb1 b6 16. Rc3 Bb7 17. a3 Nc6 18. Ba2 Ne7 19. Qf3 Nf5 20. Rd1 Re8 21.
Bxd5 Bxd5 22. Nxd5 Bxd4 23. Nc7 Nxe3 24. fxe3 Rxe3 25. Rxd4 Re1+ 26. Kf2 Qxd4+
27. Kxe1 Rd8 28. Kf1 Qe5 29. Kg1 Rd2 30. h3 Rxb2 31. Qg3 Qd4+ 32. Kh2 Re2 33.
Rd3 Qe5 34. Rd8+ Kg7 35. Ne8+ Qxe8 36. Rxe8 Rxe8 37. Qc3+ Kf8 38. Qc7 h5 39.
Qxa7 Re6 40. g4 hxg4 41. hxg4 Kg7 42. g5 Kg8 43. Kg3 Kf8 44. Kf4 Ke8 45. Qc7
Kf8 46. Qd7 Kg8 47. Qc8+ Kg7 48. Qd8 Rc6 49. Ke4 1-0

[Event "Open"]
[Site "Cappelle la Grande"]
[Date "1999.02.16"]
[Round "4"]
[White "Golubovic, Boris"]
[Black "Gdanski, Jacek"]
[Result "1-0"]
[WhiteElo "2450"]
[BlackElo "2530"]
[PlyCount "91"]
[EventDate "1999.02.??"]

1. e4 e6 2. d4 d5 3. exd5 exd5 4. Nf3 Bf5 5. c4 Nc6 6. c5 Nf6 7. Bb5 Bd7 8. O-O
Be7 9. Nc3 O-O 10. h3 b6 11. cxb6 axb6 12. Ne5 Nxe5 13. dxe5 Bxb5 14. exf6 Bxf1
15. fxe7 Qxe7 16. Kxf1 Rad8 17. Qd3 d4 18. Ne2 c5 19. Bd2 Rfe8 20. b3 Qb7 21.
a4 Rd5 22. Qf3 Qd7 23. Nf4 Rde5 24. g4 Re4 25. Kg2 f5 26. g5 Rb8 27. Rc1 Qd6
28. Nd3 Qe6 29. Rc4 Qf7 30. a5 bxa5 31. Nxc5 Ree8 32. Rxd4 Rbd8 33. Rxd8 Rxd8
34. Bxa5 Re8 35. Bd2 f4 36. b4 Rd8 37. Bxf4 Rf8 38. Kg3 Qc4 39. Nd3 Rc8 40. Qe3
Kh8 41. Be5 Rd8 42. Nf4 Rd1 43. Qc5 Rg1+ 44. Kh4 Qg8 45. Nh5 h6 46. Bxg7+ 1-0